| 000 | 02545cam a22004454a 4500 | ||
|---|---|---|---|
| 001 | 15044129 | ||
| 003 | Nust- CAS-E | ||
| 005 | 20180118181400.0 | ||
| 008 | 071015s2008 ilua b 001 0 eng | ||
| 010 | _a 2007042761 | ||
| 015 |
_aGBA822140 _2bnb |
||
| 016 | 7 |
_a014530365 _2Uk |
|
| 020 | _a9780226065656 | ||
| 020 | _a0226065650 | ||
| 020 | _a9780226065663 | ||
| 020 | _a0226065669 | ||
| 035 | _a(OCoLC)ocn175218191 | ||
| 035 | _a(OCoLC)175218191 | ||
| 040 |
_aDLC _cDLC _dDLC |
||
| 050 | 0 | 0 |
_aQ180.55.M4 _bB66 2008 |
| 082 | 0 | 0 |
_a001.42 _222 _bBOO 2008 |
| 100 | 1 | _aBooth, Wayne C. | |
| 245 | 1 | 4 |
_aThe craft of research / _cWayne C. Booth, Gregory G. Colomb, Joseph M. Williams. |
| 250 | _a3rd ed. | ||
| 260 |
_aChicago : _bUniversity of Chicago Press, _cc2008. |
||
| 300 |
_axvii, 317 p. : _bill. ; 22 cm. |
||
| 440 | 0 | _aChicago guides to writing, editing, and publishing | |
| 504 | _aIncludes bibliographical references and index. | ||
| 505 | 0 | _aResearch, researchers, and readers -- Prologue: Becoming a researcher -- Thinking in print: Uses of research, public and private -- Connecting with your reader: (Re-)creating yourself and your audience -- Asking questions, finding answers -- Prologue: Planning your project - an overview -- From topics to questions -- From questions to a problem -- From problems to sources -- Engaging sources -- Making a claim and supporting it -- Prologue: Assembling a research argument -- Making good arguments: Overview -- Making claims -- Assembling reasons and evidence -- Acknowledgments and responses -- Warrants -- Planning, drafting, and revising -- Prologue: Planning again -- Planning -- Drafting your report -- Revising your organization and argument -- Communicating evidence visually -- Introductions and conclusions-- Revising style: Telling your story clearly -- Some last considerations. | |
| 650 | 0 |
_aResearch _xMethodology. |
|
| 650 | 0 | _aTechnical writing. | |
| 700 | 1 | _aColomb, Gregory G. | |
| 700 | 1 | _aWilliams, Joseph M. | |
| 856 | 4 | 1 |
_3Table of contents only _uhttp://www.loc.gov/catdir/toc/ecip082/2007042761.html |
| 856 | 4 | 2 |
_3Contributor biographical information _uhttp://www.loc.gov/catdir/enhancements/fy0828/2007042761-b.html |
| 856 | 4 | 2 |
_3Publisher description _uhttp://www.loc.gov/catdir/enhancements/fy0828/2007042761-d.html |
| 906 |
_a7 _bcbc _corignew _d1 _eecip _f20 _gy-gencatlg |
||
| 942 |
_2ddc _cBK |
||
| 999 |
_c355386 _d355386 |
||